The writer's resource book

Kaydedildi:
Detaylı Bibliyografya
Materyal Türü: Kitap
Dil:Undetermined
Baskı/Yayın Bilgisi: Chicago Scott, Foresman 1957
Konular:
Etiketler: Etiketle
Etiket eklenmemiş, İlk siz ekleyin!
Thư viện lưu trữ: Trung tâm Học liệu Trường Đại học Cần Thơ
LEADER 00466nam a2200169Ia 4500
001 CTU_418
008 210402s9999 xx 000 0 und d
082 |a 808.06 
082 |b W956 
245 4 |a The writer's resource book 
245 0 |c Edited by John Gerber 
260 |a Chicago 
260 |b Scott, Foresman 
260 |c 1957 
650 |a Tiếng Anh,English language 
650 |x Tu từ,Rhetoric 
980 |a Trung tâm Học liệu Trường Đại học Cần Thơ